Statistieken voor Monumenten met afbeeldingen #1

Klik hier om de quiz te nemen!

Algemene statistieken

  • Deze quiz is 863 keer genomen
    (834 sinds de laatste reset)
  • De gemiddelde score is 10 van 18

Antwoordstatistieken

Antwoord% Correct
Vrijheidsbeeld
95%
Chinese Muur
85%
Eiffeltoren
81%
Scheve Toren van Pisa
81%
Colosseum
77%
Piramides van Gizeh
73%
Taj Mahal
73%
Stonehenge
69%
Golden Gate Bridge
61%
Kleine Zeemeermin
58%
Empire State Building
53%
Machu Picchu
51%
Sydney Opera House
51%
Brandenburger Tor
40%
Fuji
33%
Matterhorn
26%
Washington Monument
21%
Suikerbroodberg
11%

Scoreverdeling

Percentiel versus Aantal Correcte Antwoorden

Procent van Mensen met Elke Score

Uw Scoregeschiedenis

U heeft deze quiz nog niet genomen sinds de laatste reset